Finanzas y Desarrollo, marzo de 2014.

Suscribase a Finanzas and Desarrollo para mantenerse al dia de las ultimas corrientes del pensamiento economico en lo que respecta al sistema financiero internacional, la politica monetaria, el desarrollo economico, la reduccion de la pobreza y otras cuestiones de importancia fundamental. Esta amena...

Descripció completa

Dades bibliogràfiques
Autor corporatiu: International Monetary Fund. External Relations Dept
Format: Revista
Idioma:English
Publicat: Washington, D.C. : International Monetary Fund, 2014.
Col·lecció:Finance and Development; Finance and Development ; No. 0051/001
Accés en línia:Full text available on IMF
LEADER 01708cas a2200241 a 4500
001 AALejournalIMF022006
008 230101c9999 xx r poo 0 0eng d
020 |z 9781475563740 
022 |a 0250-7447 
040 |a BD-DhAAL  |c BD-DhAAL 
110 2 |a International Monetary Fund.  |b External Relations Dept. 
240 1 0 |a Finanzas y Desarrollo, marzo de 2014.  |l Spanish 
245 1 0 |a Finanzas y Desarrollo, marzo de 2014. 
264 1 |a Washington, D.C. :  |b International Monetary Fund,  |c 2014. 
300 |a 1 online resource (60 pages) 
490 1 |a Finance and Development 
500 |a <strong>Off-Campus Access:</strong> No User ID or Password Required 
500 |a <strong>On-Campus Access:</strong> No User ID or Password Required 
506 |a Electronic access restricted to authorized BRAC University faculty, staff and students 
520 3 |a Suscribase a Finanzas and Desarrollo para mantenerse al dia de las ultimas corrientes del pensamiento economico en lo que respecta al sistema financiero internacional, la politica monetaria, el desarrollo economico, la reduccion de la pobreza y otras cuestiones de importancia fundamental. Esta amena revista trimestral ofrece analisis profundos de tecnicos del FMI y respetados expertos internacionales sobre estas y otras cuestiones. Los articulos estan redactados teniendo en mira al lector no especializado interesado en comprender el funcionamiento de la economia mundial y las politicas y actividades del FMI. 
538 |a Mode of access: Internet 
830 0 |a Finance and Development; Finance and Development ;  |v No. 0051/001 
856 4 0 |z Full text available on IMF  |u http://elibrary.imf.org/view/journals/022/0051/001/022.0051.issue-001-es.xml  |z IMF e-Library